000 01973nam a2200481 c 4500
999 _c85121
_d85121
003 BLK
005 20240820143722.0
008 180408b bul|||||r ||||||| ||bul||
010 _aKNG00089717000
040 _aBLK
041 _aBUL
_cBUL
072 7 _2bullib
_aК
_xКраезнание
080 _aСредни училища
_b373.5
_x(497.215)(091)
_z373.5(497.215)(091)
080 _aРъководство. Учители. Друг персонал
_b37.091.113
_x(497.215)(092)
_z37.091.113(497.215)(092)
080 _aБиографии
_b929
_x(497.215)
_z929(497.215)
100 1 _aКостов, Илия Георгиев
_eпърви автор
_9301696
139 _aКостов, Илия Георгиев и др.
_bК 86
245 1 0 _aС пулса на времето
_b50 г. СОУ "Йордан Йовков" Русе
_cИлия Георгиев Костов; съавт. Даринка Петрова Маринова; съавт. Цанка Христова Кръстева.
257 _aBGR
260 _bБряг
_c2009
_fРазград : Разград Полиграф
300 _a128 с.
_bс ил.
_c21 см
380 _a3
500 _aБиблиогр. с. 127.
504 _a127
650 4 _aУчилища - Русе - история
_9273670
650 4 _aУчители - България
_9272881
651 4 _aРусе
_9179462
651 4 _aБългария
_9241624
653 _aСУ "Йордан Йовков"
653 _aучилища
653 _aистория
659 _aК
700 1 _aМаринова, Даринка Петрова
_eсъавт.
_9301697
700 1 _aКръстева, Цанка Христова
_eсъавт.
_9301698
852 _aЦб 227210
852 _aК 373.5/К 86 И
856 4 _qpdf
856 4 _qpdf
942 _cKNG
_n0
_s1
_01
944 _aCR
_c28.05.2009
_lРусанова Ирена
_k30542
944 _aED
_c19.08.2011
_lф /
999 _d85121